Invitation - Why Don't We - Statistics

General Stats
  • This quiz has been taken 5 times
  • The average score is 4 of 5
Answer Stats
# Song % Correct
1 Invitation
100%
2 M.I.A.
100%
3 Boomerang
67%
4 Words I Didn't Say
67%
5 Turn It Off
33%
No matching quizzes found
Score Distribution
Percent of People with Each Score
Percentile by Number Answered
Your Score History
You have not taken this quiz